000 00728nam a2200241Ia 4500
003 OSt
005 20220923210950.0
006 a|||||r|||| 00| 0
007 ta
008 Pun
020 _a8126013079 (hbk)
024 _a235,695
037 _cTextual
040 _aARTS
_cARTS
_bPun
041 _2Pun
_aPun
082 _aO44Q7,3x, 153P2
100 _aਹੁਸੈਨ, ਇੰਤਿਗ਼ਾਰ, ਥਦ.
_9156621
245 0 _aਪਾਕਿਸਤਾਨੀ ਕਹਾਣਿਆਂ
260 _aਦਿੱਲੀ
_b ਸਾਹਿਤ ਅਕਾਦੇਮੀ
_c2002
300 _a356ਪੰ
_ccm.
942 _hO44Q7,3x, 153P2
_cTEXL
_2CC
999 _c293248
_d293248